Normal view MARC view

Entry Geographic Name

Number of records used in: 1

001 - CONTROL NUMBER

  • control field: 1552

003 - CONTROL NUMBER IDENTIFIER

  • control field: csc

005 - DATE AND TIME OF LATEST TRANSACTION

  • control field: 20140507162058.0

008 - FIXED-LENGTH DATA ELEMENTS

  • fixed length control field: 130724|| aca||aabn | a|a d

040 ## - CATALOGING SOURCE

  • Original cataloging agency: csc
  • Transcribing agency: csc

151 ## - HEADING--GEOGRAPHIC NAME

  • Geographic name: Dublin (Ireland)
  • General subdivision: In literature.

670 ## - SOURCE DATA FOUND

  • Source citation: Work cat.: (csc)322: Gifford, Don. 5290, Joyce annotated :, c1982.